Statistiques concernant Nommez un canton Suisse A-Z

Cliquez ici pour prendre le quiz!

Statistiques générales

  • Ce quiz a été pris 76 fois
  • Le résultat moyen est 11 sur 13

Statistiques - réponses

LettreCanton% Correct
GGenève | Glaris | Grisons
98%
ZZoug | Zurich
98%
BBerne | Bâle-Campagne | Bâle-Ville
97%
VValais | Vaud
95%
JJura
94%
FFribourg
89%
NNeuchâtel | Nidwald
89%
SSaint-Gall | Schaffhouse | Schwytz | Soleure
86%
TTessin | Thurgovie
83%
UUri
83%
AAppenzell Rhodes Extérieures | Appenzell Rhodes Intérieures | Argovie
80%
LLucerne
80%
OObwald
70%

Distribution des résultats

Percentile par nombre de réponses

% des personnes avec chaque résultat

Votre développement - résultats

Vous n’avez pas pris ce quiz